Tìm hiểu hiến pháp Việt Nam: (từ năm 1946 đến năm 1992) và các luật về tổ chức bộ máy nhà nước

Uloženo v:
Podrobná bibliografie
Další autoři: Trần Gia Thắng
Jazyk:Undetermined
Vydáno: Hà Nội Lao động - Xã hội 2004
Témata:
Tagy: Přidat tag
Žádné tagy, Buďte první, kdo otaguje tento záznam!
Thư viện lưu trữ: Trung tâm Học liệu Trường Đại học Trà Vinh
LEADER 00749nam a2200229Ia 4500
001 TVU_4113
008 210423s9999 xx 000 0 und d
041 |a Vie 
082 |a 342.9597 
082 |b H305 
245 0 |a Tìm hiểu hiến pháp Việt Nam: (từ năm 1946 đến năm 1992) và các luật về tổ chức bộ máy nhà nước 
245 0 |c Trần Gia Thắng (sưu tầm và tuyển chọn) 
260 |a Hà Nội 
260 |b Lao động - Xã hội 
260 |c 2004 
300 |a 785 tr. 
300 |c 21 cm 
504 |a Phụ chú: tr.3-4 
650 |a Luật Hiến pháp; Hiến pháp 
700 |a Trần Gia Thắng  
700 |e Sưu tầm và tuyển chọn 
980 |a Trung tâm Học liệu Trường Đại học Trà Vinh